1972 1561 1065 1627 1893 1292 1657 1930 1246 1372 1117 1940 1853 1999 1812 1803 1607 1362 1171 1844 1930 1088 1363 1635 1293 1970 1015 1619 1023 1357 1436 1618 1524 1716 1970 1758 1694 1485 1865 1667 1127 1570 1545 1011 1806 1402 1528 1285 2000 1746 1559 1869 1350 1310 1474 1374 1613 1745 1131 1726 1125 1179 1148 1704 1465 1118 1954 1276 1340 1520 1563 1416 1837 1334 1918 1906 1188 1696 1550 1486 1850 1038 1590 1108 1901 1745 1521 1639 1322 1326 1033 1282 1318 1559 1377 1883 1649 1030 1234 BCNSPRNW ULIB Ver.6.0+V

เปลี่ยนเป็นภาษาไทย

Change to English
 แสดงรายละเอียดบรรณานุกรม
  กลับหน้าหลัก

Brief Record : Get Marc (ISO 2709) : E-mail record : QR code < ปิดหน้าต่าง
LEADER : 00000nam 2200000uu 4500
001    13399125211
003     ULIB
008    161111s||||||||th 000 0 tha d
060  4 ^aWY18.2 ร318อ
100    ^aรังศิมา ลยางกูร
245    ^aเอกสารประกอบการสอน วิชา การพยาบาลผู้ใหญ่ 1-2 รหัสวิชา 501301-501302 /จุฑารัตน์ สว่างชัย
260    ^aนครสวรรค์^bวิทยาลัยพยาบาลบรมราชชนนี สวรรค์ประชารักษ์^c2547
300    ^a146 หน้า
650  7 ^aการพยาบาลผู้ใหญ่ 1
650  0 ^a^aการพยาบาลผู้ใหญ่ 2
700 0  ^aรังศิมา ลยางกูร
945    ^p0^l0^i001491
999    ^aวรรณษา ชูชัยมงคล
รายการนี้ยังไม่มีแท็ก
คุณยังไม่ได้ล็อกอิน คุณสามารถมีกิจกรรมร่วมกับเว็บไซต์ได้ แต่ต้องล็อกอินก่อน ::
  ล็อกอิน

รายการสื่อสารสนเทศ

ลำดับที่ ประเภท เลขเรียก/บาร์โค้ด สถานที่ สถานะ
1. Book การพยาบาล
Book การพยาบาล
WY18.2 ร318อ ฉ.1 
  Barcode: 001491
ห้องสมุดวิทยาเขตสวรรค์ประชารักษ์
►หนังสือทั่วไป
บนชั้น

รายการใกล้เคียง
    หัวเรื่อง [การพยาบาลผู้ใหญ่ 1]

BibComment


ยังไม่เคยถูกคอมเมนท์

คอมเมนท์ทรัพยากรรายการนี้
  คอมเมนท์: เอกสารประกอบการส..


 Copyright 2026. Bcnsprnw @Library